| Tag |
First Indicator |
Second Indicator |
Subfields |
| LEADER |
00000cam a2200000 a 4500 |
| 001 |
in00000089905 |
| 005 |
20151008063547.0 |
| 008 |
810514s1981 ilua b 00010 eng d |
| 010 |
|
|
|a 80069139
|
| 035 |
|
|
|a (OCoLC)07418396
|
| 035 |
|
|
|9 AAK2487AM
|
| 040 |
|
|
|a ZXC
|c ZXC
|d TXA
|d UtOrBLW
|
| 049 |
|
|
|a TXAM
|c [1654993]
|
| 090 |
|
|
|a QL1
|b .F4 n.s., no.7
|
| 100 |
1 |
|
|a Freeman, Patricia Waring,
|d 1947-
|
| 245 |
1 |
2 |
|a A multivariate study of the family molossidae (mammalia, chiroptera) :
|b morphology, ecology, evolution /
|c Patricia Waring Freeman.
|
| 264 |
|
1 |
|a Chicago, Ill. :
|b Field Museum of Natural History,
|c 1981.
|
| 300 |
|
|
|a vii, 173 pages :
|b illustrations ;
|c 24 cm.
|
| 336 |
|
|
|a text
|b txt
|2 rdacontent
|
| 337 |
|
|
|a unmediated
|b n
|2 rdamedia
|
| 338 |
|
|
|a volume
|b nc
|2 rdacarrier
|
| 490 |
1 |
|
|a Fieldiana : Zoology,
|x 0015-0754 ;
|v new series, no. 7
|
| 490 |
1 |
|
|a Publication / Field Museum of Natural History ;
|v 1316
|
| 500 |
|
|
|a 1654993
|
| 504 |
|
|
|a Bibliography: pages 168-173.
|
| 650 |
|
0 |
|a Free-tailed bats.
|
| 830 |
|
0 |
|a Publication (Field Museum of Natural History) ;
|v 1316.
|
| 830 |
|
0 |
|a Fieldiana.
|p Zoology ;
|v new ser., no. 7.
|
| 999 |
|
|
|a MARS
|
| 999 |
f |
f |
|s d024e3ad-6056-3455-89cd-4a5d0a8d1d6f
|i 2f94ce9d-1cdd-34db-87cc-e18c453cb995
|t 0
|
| 952 |
f |
f |
|p ric
|a Texas A&M University
|b Rellis Campus
|c Joint Library Facility
|d Remote Storage
|t 0
|e QL1 .F4 n.s., no.7
|h Library of Congress classification
|i unmediated -- volume
|m A14806219670
|
| 998 |
f |
f |
|a QL1 .F4 n.s., no.7
|t 0
|l Remote Storage
|